000 00693nam a22002057a 4500
003 OSt
005 20250621024748.0
008 250619b |||||||| |||| 00| 0 eng d
020 _a978-621-427-229-7
040 _aDWCL - Main lib
_cOC
082 _aFil. 658.562 S484t 2024
100 _aSergote, Jessie
245 _aTotal quality management:
_ban introduction/
_cJessie Sergote
260 _aIntramuros, Manila:
_bUnlimited Books Library Services & Publishing Inc.,
_cc2024.
300 _ax, 250 pages:
_billustrations;
_c22cm.
504 _aIncludes bibliographical references.
650 _a1. Management.
650 _a2. Total quality management.
942 _2ddc
_cBK - FIL
_kFil.
_n0
999 _c3162
_d3162